2025 Brainrot Quiz - Statistics

General Stats
  • This quiz has been taken 377 times
    53 since last reset
  • The average score is 10 of 30
Answer Stats
Hint Answer % Correct
Number (still popular somehow) 67
95%
Abbreviation that could mean two (or sometimes more) things; slang for "this stuff" Ts
83%
Name of the guy whose face is being plastered onto many images Charlie Kirk
66%
Slang term for a male reproductive organ Dih
66%
Slang term for a group of attractive women Huzz
63%
Evolution of adjective "cooked"; unattractive Chopped
51%
Popular mobile game that involves tetris-style figures Block Blast
49%
Acronym telling someone to be quiet Sybau
49%
The second coming of aforementioned number 41
46%
Slang term for the ADJECTIVE "ass" Ahh
46%
Slang for cool; impressive, usually meant for clothes Tuff
44%
Explain our friend group Adrian
39%
Name of the guy whose face is showing suppressed laughter IShowSpeed
39%
A word spelled backwards, which is funny Eeffoc
32%
Repeated words that one says while crouching up and down Thank you
32%
A video of two individuals sitting on bleachers, swaying to the beat of a song Chopped Chin
29%
Popular mobile strategy game Clash Royale
29%
Line from musical "Newsies" Barbershop haircut
22%
Character that says "yo" most of the time Gurt
22%
Third coming of aforementioned number 61
20%
Emojis used to convey laughing Broken heart / Wilted rose / Low battery / Dead leaves / Tanabata
20%
Robot of a formerly popular tiktoker Khaby Lame mechanism
20%
The actual name of Patrick Star from Spongebob Subaru
17%
Mispronunciation of an animated sitcom dad Domer
7%
Misheard words from an interpolation of a 1940's rap song Kevin Durant
7%
Acronym for an imperative sentence that means "searching for gold" (euphemistic) SDIYBT
7%
From a song about the end of childhood; a food Chicken stars
5%
A man announcing what he consumes I drink soda, I eat pizza
5%
An adlib in the middle of a beatbox performance Well it's my turn pops!
5%
An exclamation in mockery of gen-Z BROOOOOO
2%
No matching quizzes found
Score Distribution
Percent of People with Each Score
Percentile by Number Answered
Your Score History
You have not taken this quiz since the last reset